Kostel sv. Alberta v Třinci /

Hlavní autor: Mezihoráková, Klára, 1975-
Jazyk: Čeština
Vydáno: Praha : Ústav dějin umění AV ČR, v.v.i. v nakladatelství Artefactum, 2016
Edice: Monumenta Bohemiae et Moraviae
Témata:
Externí odkaz: Digitalizovaný dokument
Fyzický popis: 51 stran : ilustrace (převážně barevné), 1 portrét, plány, faksimile ; 15 cm
Knihy
Uloženo v:
LEADER 02012nam a2200529 i 4500
001 nkc20162844920
003 CZ PrNK
005 20170429102102.0
007 ta
008 161102s2016 xr acehg f 000 0 cze
015 |a cnb002844920 
020 |a 978-80-86890-87-6  |q (brožováno) 
035 |a (OCoLC)965748710 
040 |a BOA001  |b cze  |e rda 
043 |a e-xr---  |b e-xr-mo  |2 czenas 
072 7 |a 72  |x Architektura  |2 Konspekt  |9 21 
080 |a 726.54:272  |2 MRF 
080 |a (437.326)  |2 MRF 
080 |a (036)  |2 MRF 
080 |a (084.12)  |2 MRF 
100 1 |a Mezihoráková, Klára,  |d 1975-  |7 jo2013748575  |4 aut 
245 1 0 |a Kostel sv. Alberta v Třinci /  |c text: Klára Mezihoráková 
264 1 |a Praha :  |b Ústav dějin umění AV ČR, v.v.i. v nakladatelství Artefactum,  |c 2016 
300 |a 51 stran :  |b ilustrace (převážně barevné), 1 portrét, plány, faksimile ;  |c 15 cm 
336 |a text  |b txt  |2 rdacontent 
337 |a bez média  |b n  |2 rdamedia 
338 |a svazek  |b nc  |2 rdacarrier 
490 1 |a Monumenta Bohemiae et Moraviae ;  |v 3 
500 |a Název z obálky 
500 |a 400 výtisků 
610 2 7 |a Kostel sv. Alberta (Třinec, Česko)  |7 mzk2016932841  |2 czenas 
650 0 7 |a katolické kostely  |7 ph114895  |z Česko  |2 czenas 
650 0 9 |a Catholic churches  |z Czechia  |2 eczenas 
651 7 |a Třinec (Česko)  |7 ge131190  |2 czenas 
651 9 |a Třinec (Czechia)  |2 eczenas 
655 7 |a informační publikace  |7 fd132454  |2 czenas 
655 7 |a fotografické publikace  |7 fd132276  |2 czenas 
655 9 |a information publications  |2 eczenas 
655 9 |a photographical works  |2 eczenas 
830 0 |a Monumenta Bohemiae et Moraviae  |0 s 
856 4 1 |u http://www.digitalniknihovna.cz/mzk/uuid/uuid:3d012ab0-776d-11ec-b436-5ef3fc9bb22f  |y Digitalizovaný dokument  |x NDK 
910 2 |a BOA001  |b S-1374.664 
928 9 |a Artefactum 
990 |a BK 
995 |a 01 
991 |b 201611  |c NOV 
996 6 |b 2610687133  |c S-1374.664  |l MZK  |r Sklad / do 24 hodin  |n 1  |p p.v.  |w 001586080  |u 000010  |a 1  |e BOA001  |j MZK50  |s P